| 000 | 00000nam 2200000zi 4500 |
| 001 | 9.946143 |
| 003 | CaOODSP |
| 005 | 20250121091805 |
| 006 | m o d f |
| 007 | cr |n||||||||| |
| 008 | 241213t19701970onca oi f|0| 0 fre d |
| 040 | |aCaOODSP|bfre|erda|cCaOODSP |
| 043 | |an-cn--- |
| 086 | 1 |aNR24-77/1970F-PDF |
| 086 | 1 |aNR24-28/1970-5F-PDF |
| 245 | 00|aNormes de construction pour les handicapés 1970 : |bsupplément no. 5 du Code national du bâtiment du Canada. |
| 250 | |a[Deuxième édition française 1970.] |
| 264 | 1|aOttawa : |bComité associé du Code national du bâtiment, Conseil national de recherches du Canada, |c1970. |
| 264 | 4|c©1970 |
| 300 | |a1 ressource en ligne (24 pages) : |billustrations |
| 336 | |atexte|btxt|2rdacontent/fre |
| 337 | |ainformatique|bc|2rdamedia/fre |
| 338 | |aressource en ligne|bcr|2rdacarrier/fre |
| 500 | |aPublié aussi en anglais sous le titre : Building standards for the handicapped 1970: supplement no. 5 to the National Building Code of Canada. |
| 500 | |aÉdition numérisée de l’imprimé [par Conseil national de recherches Canada]. |
| 500 | |a« NRC No. 11430F. » |
| 504 | |aComprend un index. |
| 650 | 6|aAccessibilité aux personnes handicapées|xDroit|zCanada. |
| 650 | 6|aConstructions|xNormes|zCanada. |
| 650 | 6|aNormes techniques|zCanada. |
| 710 | 2 |aConseil national de recherches Canada. |bComité associé sur le Code national du bâtiment, |eorganisme de publication. |
| 775 | 08|tBuilding standards for the handicapped 1970 : |w(CaOODSP)9.946141 |
| 794 | |tNormes de construction pour les handicapés 1977 : |w(CaOODSP)9.946150 |
| 795 | |tNormes de construction pour les handicapés 1965 : |w(CaOODSP)9.946758 |
| 856 | 40|qPDF|s1.10 Mo|uhttps://publications.gc.ca/collections/collection_2024/cnrc-nrc/NR24-77-1970-fra.pdf |